000 00652nam a2200217Ia 4500
005 20250508162314.0
008 008 250505s9999 xx 000 0 eng d
020 _a0-582-32386-X
037 _aTextBook
040 _aFEDL
_beng
_cFEDL
041 _aeng
_2eng
084 _a370.1, BLO
_qFEDL
100 _aBloom Benjamin S and others
_9762230
245 0 _aTaxonomy of educational objectives : The classification of educational goals
260 _aLondon, UK
_bLongmans, Green and Co.
_c1979
300 _a207p
365 _aGBP
_b325
650 _aEducation - Philosophy
942 _cTB
_h370.1, BLO
999 _c1375725
_d1375725